000 00597nam a2200241 a 4500
001 nice12345678
003 IN_TiNIC
005 20260116012345.0
008 050524s1946 bana grp 000 0 urd
020 _a
_c100
082 0 0 _a891.4391
_bIMA
100 _aImami, H M Imam
245 _aJaleel Marhum
260 _aBangalore
_bBarqi Kausar Press
_c1946
300 _a32p
500 _aincludes index and biblioraphy
505 2 _aFoot notes by Maulana Maulvi Ilahi Bakhsh.
650 _aUrdu-Poetry
700 1 _aImami, H M Imam
902 _bSRS
942 _cBK
999 _c6684
_d6684